ბათუმის შოთა რუსთაველის სახელმწიფო უნივერსიტეტის ბიბლიოთეკა

The illustrated encyclopedia of essential oils. The Complete Guide to the Use of Oils in Aromatherapy & Herbalism. (ბიბ.ჩანაწერი № 47361)

000 -LEADER
fixed length control field 00591nam a2200193Ia 4500
001 - CONTROL NUMBER
control field 14222
003 - CONTROL NUMBER IDENTIFIER
control field GE_BSU
008 - FIXED-LENGTH DATA ELEMENTS--GENERAL INFORMATION
fixed length control field 181216s||||||||xx |||||||||||||| ||und||
020 ## - INTERNATIONAL STANDARD BOOK NUMBER
International Standard Book Number 1841641650
040 ## - CATALOGING SOURCE
Transcribing agency GE_BSU
080 ## - UNIVERSAL DECIMAL CLASSIFICATION NUMBER
Universal Decimal Classification number 61
100 ## - MAIN ENTRY--PERSONAL NAME
Personal name Lawless,Julia
245 #4 - TITLE STATEMENT
Title The illustrated encyclopedia of essential oils. The Complete Guide to the Use of Oils in Aromatherapy & Herbalism.
260 ## - PUBLICATION, DISTRIBUTION, ETC.
Date of publication, distribution, etc. 1995
300 ## - PHYSICAL DESCRIPTION
Extent 256p.ill.23cm.
653 ## - INDEX TERM--UNCONTROLLED
Uncontrolled term The Complete Guide to the Use of Oils in Aromatherapy & Herbalism
653 ## - INDEX TERM--UNCONTROLLED
Uncontrolled term The illustrated encyclopedia of essential iols
942 ## - ADDED ENTRY ELEMENTS (KOHA)
Koha item type წიგნი
ეგზემპლარები
Withdrawn status Lost status Damaged status Not for loan Date acquired Barcode Date last seen Price effective from Koha item type
        2018-12-17 37511 2018-12-17 2018-12-17 წიგნი